Statistics for 20 Longest International Borders on the Borders Only World Map

Click here to take the quiz!

General Stats

  • This quiz has been taken 187 times
    (169 since last reset)
  • The average score is 15 of 20

Answers on the Map

Answers color-coded by a green-red scale on the quiz's map according to % correct below.
 

Answer Stats

LABBordering Countries% Correct
8893CanadaUnited StatesCanada-United States
99%
3141MexicoUnited StatesMexico-United States
99%
5300ArgentinaChileArgentina-Chile
96%
6846KazakhstanRussiaKazakhstan-Russia
93%
3485MongoliaRussiaMongolia-Russia
92%
3645ChinaRussiaChina-Russia
91%
3380ChinaIndiaChina-India
89%
4677ChinaMongoliaChina-Mongolia
88%
2912IndiaPakistanIndia-Pakistan
88%
2511AngolaDemocratic Republic of the CongoAngola-DRC
79%
3400BoliviaBrazilBolivia-Brazil
72%
2430AfghanistanPakistanAfghanistan-Pakistan
70%
2200BrazilVenezuelaBrazil-Venezuela
68%
2050ColombiaVenezuelaColombia-Venezuela
66%
2185ChinaMyanmarChina-Myanmar
65%
2130LaosVietnamLaos-Vietnam
62%
2237MaliMauritaniaMali-Mauritania
60%
2203KazakhstanUzbekistanKazakhstan-Uzbekistan
59%
4053BangladeshIndiaBangladesh-India
57%
2410Democratic Republic of the CongoRepublic of the CongoDRC-Rep. of the Congo
51%

Score Distribution

Percentile by Number Answered

Percent of People with Each Score

Your Score History

You have not taken this quiz since the last reset